000 00528nam a22001817a 4500
005 20231106130913.0
008 231106b |||||||| |||| 00| 0 eng d
020 _a0409012483
041 _aEnglish
082 _a346.5 CIN
100 _aCingo, W
_lEnglish
245 _aA guide for the beginner trustee /
_cW Cingo
250 _a2nd Edition
260 _aDurban :
_bLexisNexis Butterworths,
_c2004
300 _bxv, 106 pages ;
_c25 cm.
650 _aLegal practice
_bLaw
942 _cBK
_6ALISON_BN_VRIES
999 _c324
_d324